Stati per esportazioni di Apparecchiature di telecomunicazione - Statistics

Statistiche generali
  • Questo quiz è stato fatto 8 volte
  • Il punteggio medio è 7 su 10
Statistiche sulle risposte
Esportazioni (milioni $) Continente Nazione % Corretto
110 979 Asia Cina
100%
3 482 Asia India
100%
6 227 America del Nord Stati Uniti
100%
15 443 Asia Corea del Sud
71%
4 091 Europa Germania
57%
5 510 America del Nord Messico
57%
6 068 Europa Paesi Bassi
57%
11 520 Asia Vietnam
57%
3 789 Asia Malaysia
29%
4 297 Europa Ungheria
29%
Nessun quiz corrispondente trovato
Distribuzione punteggi
Percentuale di utenti per punteggio
Percentile per numero di risposta
I tuoi punteggi nel tempo
Non hai fatto questo quiz